Στην κόψη της αλήθειας : η εξέλιξη των επιστημονικών ιδεών από τον Γαλιλαίο ως τον Einstein

Saved in:
Bibliographic Details
Main Author: Gillispie, Charles Coulston
Other Authors: Κούρτοβικ, Δημοσθένης, 1948- (Translator)
Format: Book
Language:Greek
English
Published: Αθήνα : Μορφωτικό Ίδρυμα Εθνικής Τραπέζης, 1986.
Series:Ιστορία της επιστήμης (Μορφωτικό Ίδρυμα Εθνικής Τραπέζης)
Subjects:
Tags: Add Tag
No Tags, Be the first to tag this record!

MARC

LEADER 00000cam a2200000 i 4500
001 1/20040
008 960926s1986 gr | ||| |||| ||gre||
035 |a 1988  |b 2  |c Βρατσάλης  |l 10035934 
035 |a 1998  |b 1  |c ΚΠΣ/Δημοτικής Εκπαίδευσης 
040 |a GR-MyUA  |b gre  |e AACR2 
041 1 |a gre  |h eng 
082 7 |a 509   |2 (22) 
100 1 |a Gillispie, Charles Coulston. 
245 1 0 |a Στην κόψη της αλήθειας :   |b η εξέλιξη των επιστημονικών ιδεών από τον Γαλιλαίο ως τον Einstein /   |c Charles Coulston Gillispie ; μετάφραση: Δημοσθένης Κούρτοβικ.  
260 |a Αθήνα :   |b Μορφωτικό Ίδρυμα Εθνικής Τραπέζης,   |c 1986.  
300 |a 510 σ. ;   |c 24 εκ. 
490 1 |a (Ιστορία της επιστήμης / Μορφωτικό Ίδρυμα Εθνικής Τραπέζης)  
500 |a Τίτλος πρωτοτύπου: The edge of objectivity.  
650 0 0 |a Science  |x History. 
650 0 0 |a Science  |x Philosophy. 
700 1 |a Κούρτοβικ, Δημοσθένης,   |d 1948-  |e trl 
830 0 |a Ιστορία της επιστήμης (Μορφωτικό Ίδρυμα Εθνικής Τραπέζης) 
852 |a INST  |b RHODES  |e 19960926  |h 509 GIL  |p 005400008980  |q 005400008980  |t BK  |y 0 
852 |a INST  |b RHODES  |e 19980401  |h 509 GIL  |p 005400010808  |q 005400010808  |t BK  |y 0 
909 |a Ρ  |b 011574 
909 |a Ρ  |b 053081 
970 |z 26/09/1996